000 00445nam a2200109Ia 4500
008 160909s9999 xx 000 0 und d
100 _aGullett, Lindy
245 _aWhen and why group gender composition affects group members' evaluations of their group-mates: Perception, behavior, and outcome interdependence
260 _bNew York University.
_c2016
650 _aPSYCHOLOGY
856 _uhttp://pqdtopen.proquest.com/doc/1769845417.html?FMT=ABS
999 _c304146
_d304146